[Event "Correze m"]
[Site "Correze"]
[Date "1992.??.??"]
[Round "4"]
[White "Sokolov, Ivan"]
[Black "Lautier, Joel"]
[Result "1/2-1/2"]
[WhiteElo "2630"]
[BlackElo "2580"]

1.d4 d5 2.c4 e6 3.Nf3 Nf6 4.Nc3 Be7 5.cxd5 exd5 6.Bf4 O-O 7.e3 Bf5 8.Ne5 c5
9.dxc5 Bxc5 10.Bd3 Bxd3 11.Nxd3 Bb6 12.O-O d4 13.exd4 Bxd4 14.Nb5 Nc6 15.Rc1 a6
16.Nxd4 Qxd4 17.Qb3 Nd5 18.Bg3 Na5 19.Qc2 Nb4 20.Nxb4 Qxb4 21.Be5 Nc6 22.Bc3 Qc4
23.b3 Qg4 24.h3 Qg5 25.Rcd1 Rad8 26.Rxd8 Rxd8 27.Rd1 Qc5 28.Rd3 Rxd3 29.Qxd3 f6
30.a4 Ne5 31.Qd2 Kf7 32.Kh1 Qc6 33.Qe3 Qd5 34.Bd4 Nc6 35.Bc5 Ne5 36.Bd4 Nc6
37.Bc5 Ne5 38.f4 Nd3 39.Qe7+ Kg6 40.Be3 h6 41.Qe8+ Kh7 42.Qc8 Ne1 43.Qg4 Qd3
44.Bg1 f5 45.Qh4 Nc2 46.Qh5 Ne1 47.Qh4 Nc2 48.Qh5 Qe4 49.Qd1 Nb4 50.Qd4 Nd5
51.Qxe4 fxe4 52.g3 Kg6 53.Kg2 Kf5 54.Bc5 h5 55.Bd6 g6 56.Kf2 Ke6 57.Bb8 Nb4
58.g4 Nc6 59.Bc7 Nd4 60.b4 hxg4 61.hxg4 Kd5 62.Bb6 Nc2 63.b5 axb5 64.axb5 Na3
65.Bd8 Nxb5 66.f5 gxf5 67.gxf5 Nd6 68.f6 b5 69.Be7 Nf7 70.Ke3 Ke5 71.Kd2 Kd4
72.Ke2 Ng5 73.Ba3 Ke5 74.Be7 Nf7 75.Ke3 Nh6 76.Ke2 Kf5 77.Kd2 Ke6 78.Ke3 Ke5
79.Ke2 Kd4 80.Bf8 Nf7 81.Be7 Ne5 82.Bd6 Nf7  1/2-1/2

[Event "Correze m"]
[Site "Correze"]
[Date "1992.??.??"]
[Round "6"]
[White "Sokolov, Ivan"]
[Black "Lautier, Joel"]
[Result "1-0"]
[WhiteElo "2630"]
[BlackElo "2580"]

1.d4 d5 2.c4 c6 3.Nf3 Nf6 4.Nc3 e6 5.Bg5 h6 6.Bxf6 Qxf6 7.a3 Nd7 8.e3 g6
9.Bd3 Bg7 10.O-O O-O 11.cxd5 exd5 12.b4 Qd6 13.Qb3 Nb6 14.a4 Bg4 15.Nd2 Be6
16.Rfc1 Nd7 17.Ne2 Rfe8 18.Rab1 Bg4 19.Nc3 Be6 20.Qc2 Rac8 21.Ne2 f5 22.Nb3 b6
23.Nf4 Bf7 24.g3 Qf6 25.a5 Bf8 26.axb6 axb6 27.Nd2 b5 28.Nf3 Bd6 29.Ra1 Nb6
30.Bf1 Nc4 31.Nd3 Rc7 32.Ra6 Ree7 33.Nc5 g5 34.Bd3 Bh5 35.Ra8+ Kg7 36.Ne1 Rf7
37.Rca1 Rce7 38.Ng2 Bf3 39.R1a6 Bc7 40.Rc8 Be4 41.Qe2 Bxd3 42.Qxd3 Rf8 43.Rxf8 Kxf8
44.Qd1 Kg7 45.Nd3 Kh7 46.Kh1 Bb6 47.h4 Ra7 48.Rxa7+ Bxa7 49.Qa1 Qe7 50.Qa6 Qc7
51.hxg5 hxg5 52.Nge1 Kg8 53.Nf3 f4 54.exf4 Qh7+ 55.Kg2 Qxd3 56.Qc8+ Kg7 57.Qd7+ Kg6
58.Qxc6+ Kh5 59.Qe8+ Kh6 60.fxg5+ Kg7 61.Qe7+ Kg8 62.Qe6+ Kf8 63.g6 Ne3+
64.Qxe3 Qxe3 65.fxe3 Bb8 66.Ng5 Bd6 67.Ne6+ Kg8 68.Kf3 Bxb4 69.Nc7 Ba5 70.Nxb5 Kg7
71.Na7 Bc7 72.Nc6 Bd6 73.Ne5  1-0

[Event "FRA-chT"]
[Site "?"]
[Date "1992.??.??"]
[Round "?"]
[White "Lautier, Joel"]
[Black "Roos, Louis"]
[Result "0-1"]
[WhiteElo "2580"]
[BlackElo "2385"]

1.d4 e6 2.c4 f5 3.g3 Nf6 4.Bg2 Be7 5.Nf3 d5 6.O-O O-O 7.b3 c6 8.Ba3 Bd7 9.Qc1 Be8
10.Bxe7 Qxe7 11.Qa3 Qd8 12.Qb4 Rf7 13.Nc3 a5 14.Qa3 b5 15.Qc1 Re7 16.Qd2 Raa7
17.Ne5 Nfd7 18.Nxd7 Qxd7 19.Rad1 a4 20.f3 dxc4 21.bxc4 b4 22.Nb1 c5 23.f4 Qxd4+
24.Qxd4 cxd4 25.Rxd4 Red7 26.Rfd1 Rxd4 27.Rxd4 Rd7 28.Rxd7 Bxd7 29.Kf2 a3
30.c5 Ba4 31.Ke3 Bc2 32.c6 Na6  0-1

[Event "FRA-chT"]
[Site "?"]
[Date "1992.??.??"]
[Round "?"]
[White "Lautier, Joel"]
[Black "Winants, Luc"]
[Result "1-0"]
[WhiteElo "2580"]
[BlackElo "2515"]

1.c4 e5 2.Nc3 Nc6 3.Nf3 Nf6 4.g3 d5 5.cxd5 Nxd5 6.Bg2 Nb6 7.O-O Be7 8.a3 Be6
9.b4 f5 10.d3 O-O 11.Bb2 Bf6 12.Nd2 Rb8 13.Rc1 Bf7 14.b5 Nd4 15.e3 Ne6 16.Nb3 Re8
17.a4 Nf8 18.Nc5 Nd5 19.Qf3 Nxc3 20.Bxc3 Qc8 21.e4 Ne6 22.Bb2 f4 23.Nxe6 Bxe6
24.d4 fxg3 25.Qxg3 exd4 26.e5 Be7 27.Bxd4 Rd8 28.Bxa7 Ra8 29.Bb6 Rd7 30.f4 Bf5
31.Qc3 Kh8 32.a5 Qf8 33.Bc5 Bxc5+ 34.Qxc5 Qxc5+ 35.Rxc5 Rxa5 36.Bxb7 g6 37.Bc8 Rd4
38.Bxf5 gxf5 39.Rf2 Ra7 40.Kg2 Kg7 41.Rc6 Rb7 42.Rf6 Rxb5 43.Rxf5 Rbb4 44.Kg3  1-0

[Event "Manila ol (Men)"]
[Site "Manila"]
[Date "1992.??.??"]
[Round "?"]
[White "Lautier, Joel"]
[Black "Hamdouchi, Hichem"]
[Result "1-0"]
[WhiteElo "2580"]
[BlackElo "2435"]

1.d4 Nf6 2.c4 c5 3.d5 e6 4.Nc3 exd5 5.cxd5 d6 6.e4 g6 7.f4 Bg7 8.Bb5+ Nfd7
9.a4 O-O 10.Nf3 Na6 11.O-O Nb4 12.Re1 a6 13.Bf1 Re8 14.h3 b6 15.Qb3 Bb7 16.Bd2 Nf6
17.Rad1 Rb8 18.Bc1 Nd7 19.Be3 b5 20.axb5 axb5 21.Bf2 Ba6 22.e5 Nb6 23.Bxb5 Bxb5
24.Nxb5 dxe5 25.fxe5 N4xd5 26.Nc3 c4 27.Qc2 Rb7 28.Bh4 Qd7 29.Nxd5 Nxd5 30.Qxc4 Rb5
31.Bf2 Qb7 32.Re2 Rc8 33.Qe4 Bh6 34.Qh4 Bg7  1-0

[Event "Manila ol (Men)"]
[Site "Manila"]
[Date "1992.??.??"]
[Round "?"]
[White "Lautier, Joel"]
[Black "Spraggett, Kevin"]
[Result "1-0"]
[WhiteElo "2580"]
[BlackElo "2545"]

1.d4 Nf6 2.c4 e6 3.Nc3 Bb4 4.Qc2 O-O 5.a3 Bxc3+ 6.Qxc3 b6 7.Bg5 Bb7 8.f3 h6
9.Bh4 c5 10.dxc5 bxc5 11.e3 a5 12.Bd3 d6 13.Ne2 Nbd7 14.O-O Qb6 15.Rad1 Rfe8
16.Rd2 d5 17.Bf2 Ba6 18.Rfd1 Rac8 19.Nf4 Bb7 20.Bb1 Qa6 21.Ba2 Nb6 22.Bh4 d4
23.exd4 cxd4 24.Rxd4 Na4 25.Qc2 e5 26.Rd6 Rc6 27.Rxc6 Qxc6 28.Bxf6 exf4 29.Bd4 Rd8
30.Bb1 g6 31.b3 Nc5 32.Bb2 Qe8 33.Rxd8 Qxd8 34.b4 axb4 35.axb4 Ne6 36.Qc3 f6
37.Bxg6 Qd1+ 38.Kf2 Ng5 39.Qd3  1-0

[Event "Manila ol (Men)"]
[Site "Manila"]
[Date "1992.??.??"]
[Round "?"]
[White "Azmaiparashvili, Zurab"]
[Black "Lautier, Joel"]
[Result "1-0"]
[WhiteElo "2610"]
[BlackElo "2580"]

1.d4 d5 2.c4 e6 3.Nf3 Nf6 4.g3 c5 5.cxd5 exd5 6.Bg2 Nc6 7.O-O Be7 8.dxc5 Bxc5
9.Bg5 O-O 10.Nc3 d4 11.Bxf6 Qxf6 12.Nd5 Qd6 13.Nd2 Be6 14.Nf4 Bb6 15.Qa4 Rac8
16.Rac1 Na5 17.Nd3 Qe7 18.Bf3 h6 19.Rfd1 Rfd8 20.a3 g6 21.Qb5 h5 22.Qe5 f6
23.Qe4 Qf7 24.Rxc8 Bxc8 25.Rc1 Be6 26.Nf4 Bf5 27.Qd5 Nc6 28.Qb5 Ne7 29.a4 Bd7
30.Qb4 Bc6 31.a5 Bc7 32.Bxc6 bxc6 33.Nd3 Qe6 34.Qc4 Kf7 35.b4 Qxc4 36.Rxc4 Ke6
37.Nb3 Be5 38.f4 Bd6 39.Kf2 Rb8 40.Rxd4 Nd5 41.Nbc5+ Ke7 42.Na6 Rb5 43.Rc4 Kd7
44.e4 Nc7 45.Nac5+ Ke8 46.Nb3 Na6 47.Rxc6 Nxb4 48.Rxd6 Ke7 49.e5  1-0

[Event "Manila ol (Men)"]
[Site "Manila"]
[Date "1992.??.??"]
[Round "?"]
[White "Lautier, Joel"]
[Black "Torre, Eugenio"]
[Result "1-0"]
[WhiteElo "2580"]
[BlackElo "2555"]

1.c4 e5 2.Nc3 Bb4 3.Nd5 Ba5 4.b4 c6 5.bxa5 cxd5 6.cxd5 Qxa5 7.e4 Nf6 8.f3 d6
9.Ne2 O-O 10.Ng3 Bd7 11.Bb2 Rc8 12.a4 Na6 13.Be2 Nc5 14.Bc3 Qd8 15.a5 h5
16.h4 b6 17.Ra3 bxa5 18.Bxa5 Qe8 19.O-O Rab8 20.Bc3 Na4 21.Ba1 Rb4 22.d4 Nb2
23.Qd2 Rcb8 24.Rxa7 Qd8 25.dxe5 Qb6+ 26.Kh1 Qxa7 27.exf6 Qd4 28.Qg5 Qxf6
29.Qxf6 gxf6 30.Nxh5 Bb5 31.Bxb5 R4xb5 32.Nxf6+ Kg7 33.Nh5+ Kf8 34.Ng3 Nc4
35.Bd4 Nd2 36.Rd1 Rb1 37.Rxb1 Rxb1+ 38.Kh2 Nf1+ 39.Nxf1 Rxf1 40.Bf6 Rc1 41.h5 Rc7
42.g4 Ra7 43.Kg3 Rb7 44.Kf4 Rb1 45.g5 Rh1 46.Kg4 Rg1+ 47.Kf5 Rh1 48.h6 Ke8
49.f4 Rh2 50.e5  1-0

[Event "Manila ol (Men)"]
[Site "Manila"]
[Date "1992.??.??"]
[Round "?"]
[White "Garcia Palermo, Carlos"]
[Black "Lautier, Joel"]
[Result "0-1"]
[WhiteElo "2465"]
[BlackElo "2580"]

1.d4 Nf6 2.c4 e6 3.Nc3 Bb4 4.Qc2 O-O 5.a3 Bxc3+ 6.Qxc3 b6 7.b3 Bb7 8.Bb2 Ne4
9.Qc2 f5 10.Nh3 d6 11.f3 Ng5 12.Nf2 Nd7 13.h4 Nf7 14.e3 c5 15.Rh3 cxd4 16.exd4 Rc8
17.g4 d5 18.Bd3 Nd6 19.Qe2 Re8 20.Kf1 Rc7 21.Bc1 e5 22.gxf5 dxc4 23.bxc4 exd4
24.Bg5 Qc8 25.Qb2 Nc5 26.Qxd4 Nxf5 27.Bxf5 Qxf5 28.Rg3 Nb3  0-1

[Event "Manila ol (Men)"]
[Site "Manila"]
[Date "1992.??.??"]
[Round "?"]
[White "Milos, Gilberto"]
[Black "Lautier, Joel"]
[Result "1/2-1/2"]
[WhiteElo "2515"]
[BlackElo "2580"]

1.e4 e5 2.Nc3 Nf6 3.Bc4 Bc5 4.d3 d6 5.Na4 Nc6 6.Ne2 O-O 7.a3 a6 8.Nxc5 dxc5
9.O-O Be6 10.Bxe6 fxe6 11.Be3 Qd6 12.Ng3 Rad8 13.f3 Ne7 14.b4 Nd7 15.Qb1 b5
16.Rd1 Ng6 17.Qb3 Rc8 18.Rd2 Ne7 19.Kh1 cxb4 20.axb4 c5 21.bxc5 Nxc5 22.Qa3 Rfd8
23.Bxc5 Rxc5 24.Qxa6 Qxa6 25.Rxa6 Nc6 26.Ne2 Nb4 27.Rxe6 Nxc2 28.Kg1 Rb8
29.d4 exd4 30.Nxd4 Nxd4 31.Rxd4 b4 32.Re7 b3 33.Rdd7 b2 34.Rxg7+ Kf8  1/2-1/2

[Event "Manila ol (Men)"]
[Site "Manila"]
[Date "1992.??.??"]
[Round "?"]
[White "Rodriguez, Ruben"]
[Black "Lautier, Joel"]
[Result "1-0"]
[WhiteElo "2415"]
[BlackElo "2580"]

1.d4 Nf6 2.c4 e6 3.Nf3 b6 4.g3 Ba6 5.b3 Bb4+ 6.Bd2 Be7 7.Bg2 c6 8.O-O d5
9.Bc3 Ne4 10.Bb2 Nd7 11.Nbd2 f5 12.Ne1 O-O 13.Rc1 Bd6 14.Nd3 Qe7 15.Nf3 Rac8
16.Rc2 dxc4 17.bxc4 c5 18.d5 exd5 19.cxd5 Rcd8 20.Nh4 Bb7 21.e3 g6 22.Nf4 Rf7
23.f3 Ng5 24.Re1 Ne5 25.Bf1 Qe8 26.Rf2 Re7 27.Qb3 Rc8 28.Kg2 Rd8 29.a4 Rc8
30.Bb5 Qf7 31.Rc1 Rec7 32.Bxe5 Bxe5 33.Bc4 Bd6 34.e4 fxe4 35.fxe4 Nxe4 36.Re2 Ng5
37.Rf1 Rf8 38.Ref2 Qg7 39.Nf3 Nxf3 40.Rxf3 Re7 41.Nxg6 hxg6 42.Rxf8+ Qxf8
43.Rxf8+ Kxf8 44.Qf3+ Kg7 45.Qg4 Kf6 46.Qh4+ Kg7 47.g4 Re4 48.Qd8 Rxg4+ 49.Kh3 Rxc4
50.Qxd6 Bc8+ 51.Kg3 Rg4+ 52.Kf3 Bf5 53.Qe7+ Kh6 54.Qxa7 Rd4 55.Qxb6 Rxd5
56.a5 c4 57.Qf6 Bh3 58.Kg3 Rd3+ 59.Kf4 Kh7 60.Qf7+ Kh6 61.Qxc4 Ra3 62.Qb5 Ra1
63.Qg5+ Kh7 64.Qh4+ Kg7 65.Qe7+ Kh6 66.Qh4+ Kg7 67.Qxh3 Ra4+ 68.Kg3 Rxa5
69.Qd7+  1-0

[Event "Pamplona"]
[Site "Pamplona"]
[Date "1992.??.??"]
[Round "3"]
[White "Illescas Cordoba, Miguel"]
[Black "Lautier, Joel"]
[Result "1/2-1/2"]
[WhiteElo "2600"]
[BlackElo "2580"]

1.Nf3 Nf6 2.c4 c5 3.Nc3 Nc6 4.e3 e6 5.d4 d5 6.cxd5 exd5 7.Be2 Be7 8.O-O O-O
9.dxc5 Bxc5 10.b3 Be6 11.Bb2 Qe7 12.Rc1 Rac8 13.Nb5 Ne4 14.Nbd4 Ba3 15.Nxc6 bxc6
16.Qd4 Bxb2 17.Qxb2 c5 18.Bd3 Qb7 19.Qa3 Qb4 20.Qxb4 cxb4 21.Bxe4 dxe4 22.Nd4 Bd7
23.Rfd1 a5 24.Kf1 f6 25.Ke1 Bg4 26.Rxc8 Rxc8 27.Ra1 Kf7 28.Kd2 Bd7 29.Rc1 Rxc1
30.Kxc1 Ke7 31.Kb2 Kd6 32.a3 Kc5 33.axb4+ axb4 34.Kc2 Bc8 35.Kd2 Bd7 36.Kc2  1/2-1/2

[Event "Pamplona"]
[Site "Pamplona"]
[Date "1992.??.??"]
[Round "6"]
[White "De la Villa Garcia, Jesus Maria"]
[Black "Lautier, Joel"]
[Result "1/2-1/2"]
[WhiteElo "2475"]
[BlackElo "2580"]

1.e4 e6 2.d4 d5 3.Nc3 Nf6 4.Bg5 Bb4 5.exd5 exd5 6.Qf3 Be6 7.Bxf6 Qxf6 8.Qxf6 gxf6
9.Ne2 c6 10.Nf4 Bd6 11.Nh5 Nd7 12.Bd3 O-O-O 13.O-O Rdg8 14.f4 Bg4 15.Be2 Bxh5
16.Bxh5 Rg7 17.Ne2 h6 18.Ng3 Kc7 19.Nf5 Rgh7 20.Rae1 Nb6 21.Re2 Bf8 22.Rfe1 Nc4
23.c3 Nd6 24.Nxd6 Bxd6 25.g3 b5 26.Re8 a5 27.Kf2 b4 28.Bg4 h5 29.Bf5 Rh6
30.h4 bxc3 31.bxc3 Ba3 32.R1e2 Rxe8 33.Rxe8 Bb2 34.Ke3 Bxc3 35.Kd3 Bb4 36.a4 Kd6
37.Ke3 Be1 38.Kf3 Bc3 39.Ke3 Be1 40.Kf3 Bc3  1/2-1/2

[Event "Pamplona"]
[Site "Pamplona"]
[Date "1992.??.??"]
[Round "9"]
[White "Lautier, Joel"]
[Black "Romero Holmes, Alfonso"]
[Result "1-0"]
[WhiteElo "2580"]
[BlackElo "2470"]

1.c4 e5 2.Nc3 d6 3.d4 exd4 4.Qxd4 Nf6 5.Bg5 Nc6 6.Qd2 Be6 7.e4 h6 8.Be3 Ne5
9.b3 Neg4 10.Bd4 c5 11.Bxf6 Nxf6 12.Nge2 g6 13.g3 Bg7 14.Bg2 O-O 15.Rd1 a6
16.Qxd6 Qa5 17.Qd2 b5 18.Nd5 Qxd2+ 19.Rxd2 Rab8 20.O-O bxc4 21.bxc4 Nd7 22.f4 a5
23.e5 f6 24.Nc7 Bxc4 25.Rxd7 Bxe2 26.Re1 fxe5 27.Bd5+ Kh8 28.Rxe2 exf4 29.Ree7 f3
30.Bxf3 Bd4+ 31.Kg2 Rb2+ 32.Kh3  1-0

[Event "Tilburg rapid"]
[Site "Tilburg"]
[Date "1992.??.??"]
[Round "3"]
[White "Lautier, Joel"]
[Black "Ulibin, Mikhail"]
[Result "1-0"]
[WhiteElo "2580"]
[BlackElo "2570"]

1.d4 e6 2.c4 f5 3.g3 Nf6 4.Bg2 c6 5.Nf3 d5 6.O-O Bd6 7.Qc2 O-O 8.Ne5 Qe7
9.Nd2 Ne4 10.Ndf3 b6 11.Bf4 Ba6 12.cxd5 cxd5 13.Rfc1 g5 14.Bd2 g4 15.Ne1 Bxe5
16.dxe5 Nd7 17.Bf4 Rfc8 18.Qd1 Rxc1 19.Rxc1 Rc8 20.Rxc8+ Bxc8 21.Nd3 Ndc5
22.Nb4 Bb7 23.Qc1 Na6 24.Nc6 Qc5 25.Qxc5 Nexc5 26.Nxa7 Nb4 27.a3 Nc2 28.Bf1 Na4
29.b3 Nc3 30.Bd2 Nb1 31.Bc1 Nd4 32.b4 Nc3 33.Be3 Ndxe2+ 34.Bxe2 Nxe2+ 35.Kf1 Nc3
36.Bxb6 Ba6+ 37.Ke1 Kf7 38.Nc6 Ke8 39.Bd4 Na4 40.Kd2 Kf7 41.Kc2 Bc4 42.Na7 Ke7
43.b5 Kd7 44.b6 h5 45.Be3 d4 46.Bxd4 Bd5 47.Kd3 Kd8 48.Nb5 Kd7 49.Nd6 Kc6
50.Ne8 Nxb6 51.Bxb6 Kxb6 52.Nf6 Ba2 53.Nxh5 Kb5 54.Kd4 Ka4 55.Kc5 Kxa3 56.Nf4 Kb2
57.Kd6 Kc2 58.Nxe6 Kd3 59.Nf4+ Ke4 60.e6 Kf3 61.e7 Bf7 62.Ke5 Kxf2 63.Kxf5 Kg1
64.Kxg4 Kxh2 65.Kh4 Kg1 66.Nh5 Kf2 67.Nf6 Kf3 68.e8=Q Bxe8 69.Nxe8 Ke4 70.g4  1-0

[Event "FRA"]
[Site "FRA"]
[Date "1993.??.??"]
[Round "?"]
[White "Karpov, Anatoly"]
[Black "Lautier, Joel"]
[Result "1/2-1/2"]
[WhiteElo "2725"]
[BlackElo "2645"]

1.d4 d5 2.c4 e6 3.Nc3 Bb4 4.Nf3 Nf6 5.Bg5 Nbd7 6.cxd5 exd5 7.e3 c5 8.dxc5 Qa5
9.Nd2 Ne4 10.Ndxe4 dxe4 11.Qd4 O-O 12.a3 Bxc3+ 13.Qxc3 Qxc3+ 14.bxc3 Nxc5
15.Be7 Nb3 16.Rd1 Re8 17.Bb5 Bg4 18.Bxe8 Bxd1 19.Kxd1 Rxe8 20.Bb4 Rc8 21.Kc2 Nc5
22.Bxc5 Rxc5 23.Rd1 g6 24.g4 h5 25.h3 hxg4 26.hxg4 Rg5 27.Rd7 b6 28.Rxa7 Rxg4
29.Kd2 Rg2 30.Ke2 Rg1 31.Ra4 Rc1 32.c4 Rc2+ 33.Kf1 Ra2 34.Kg2 Kg7 35.Kg3 f5
36.Ra6 Kh6 37.Rxb6  1/2-1/2

[Event "FRA"]
[Site "FRA"]
[Date "1993.??.??"]
[Round "?"]
[White "Lautier, Joel"]
[Black "Spraggett, Kevin"]
[Result "1/2-1/2"]
[WhiteElo "2645"]
[BlackElo "2565"]

1.d4 Nf6 2.c4 e6 3.Nc3 Bb4 4.Qc2 O-O 5.Bg5 c5 6.e3 h6 7.Bh4 cxd4 8.exd4 d5
9.cxd5 exd5 10.Bd3 Nc6 11.Ne2 Be7 12.Qd2 Be6 13.f3 Qd7 14.O-O Bf5 15.Bxf5 Qxf5
16.g4 Qd7 17.Ng3 Nh7 18.Bxe7 Nxe7 19.Rae1 Rae8 20.Qd3 Nf6 21.Re3 Nc6 22.Rfe1 Rxe3
23.Rxe3 Re8 24.Nf5 Re6 25.Qe2 Kf8 26.Qd2 Ne7 27.Ng3 Kg8 28.Kf2 Nc6 29.h4 Qd6
30.Nce2 Rxe3 31.Qxe3 Qb4 32.Nf5 Qxb2 33.g5 hxg5 34.hxg5 Nd7 35.Nd6 Nf8 36.Qf4 Nd8
37.Qe5 Nde6 38.Nf5 Ng6 39.Qb8+ Kh7 40.Qh2+ Kg8 41.Qb8+ Kh7 42.Qh2+  1/2-1/2

[Event "Madrid"]
[Site "Madrid"]
[Date "1993.??.??"]
[Round "5"]
[White "Illescas Cordoba, Miguel"]
[Black "Lautier, Joel"]
[Result "1/2-1/2"]
[WhiteElo "2615"]
[BlackElo "2645"]

1.Nf3 Nf6 2.c4 e6 3.g3 d5 4.Bg2 Be7 5.O-O O-O 6.d4 dxc4 7.Qc2 a6 8.Qxc4 b5
9.Qc2 Bb7 10.Bf4 Nc6 11.Rd1 Nb4 12.Qc1 Nbd5 13.Nbd2 Nxf4 14.gxf4 c5 15.dxc5 Qc7
16.e3 Qxc5 17.Qxc5 Bxc5 18.Nb3 Be7 19.Ne5 Bxg2 20.Kxg2 Rfc8 21.Rac1 Nd5 22.Kf3 Kf8
23.e4 Nb6 24.Nd7+ Nxd7 25.Rxc8+ Rxc8 26.Rxd7 Rc2 27.Rd2 Rxd2 28.Nxd2 Bc5
29.Nb3 Bb6 30.Nc1 Ke7 31.Nd3 f5 32.exf5 exf5 33.Nb4 Bc5 34.Nxa6 Bd6 35.a3 Ke6
36.Ke3 Kd5 37.Kd3 Bxf4 38.Nb4+ Kc5 39.h3 g5 40.f3 h5 41.b3 Bc1 42.Nc2 g4
43.fxg4 fxg4 44.hxg4 hxg4 45.Ke4 Bd2 46.a4  1/2-1/2

[Event "Madrid"]
[Site "Madrid"]
[Date "1993.??.??"]
[Round "9"]
[White "San Segundo, Pablo"]
[Black "Lautier, Joel"]
[Result "0-1"]
[WhiteElo "2440"]
[BlackElo "2645"]

1.d4 d5 2.Nf3 Nf6 3.c4 e6 4.g3 c5 5.cxd5 exd5 6.Bg2 Nc6 7.O-O Be7 8.Nc3 O-O
9.Bg5 cxd4 10.Nxd4 h6 11.Be3 Re8 12.Rc1 Bg4 13.h3 Be6 14.Nxe6 fxe6 15.f4 Qd7
16.Bf2 Rad8 17.Qa4 Bb4 18.e4 Bxc3 19.bxc3 Nxe4 20.Bxe4 dxe4 21.Rcd1 Qf7 22.Qxe4 Qf5
23.Qg2 Qc2 24.Bd4 Qxg2+ 25.Kxg2 Nxd4 26.Rxd4 Rxd4 27.cxd4 Rc8 28.Kf3 Rc3+
29.Ke4 Rxg3 30.f5 Kf7 31.Rc1 exf5+ 32.Kxf5 Re3 33.h4 g6+ 34.Kf4 Re2 35.h5 gxh5
36.Kf5 Ke8 37.Rc7 Re7 38.Rc5 Kd7 39.Kf4 h4 40.Rh5 Kd6 41.Rxh4 Kd5 42.Rxh6 Kxd4
43.Kf3 Kc3 44.Rh5 Kb4 45.Rd5 b6 46.Rd3 b5 47.Kf2 a5 48.Rh3 Re4 49.Rg3 Ka4  0-1

[Event "Munich"]
[Site "Munich"]
[Date "1993.??.??"]
[Round "4"]
[White "Lautier, Joel"]
[Black "Gurevich, Mikhail"]
[Result "0-1"]
[WhiteElo "2645"]
[BlackElo "2610"]

1.c4 f5 2.g3 Nf6 3.Bg2 g6 4.d4 Bg7 5.Nc3 O-O 6.Nh3 e6 7.b3 d6 8.O-O c6 9.Qc2 e5
10.dxe5 dxe5 11.Ba3 Re8 12.Rad1 Nbd7 13.Bd6 Ng4 14.e4 f4 15.gxf4 Qh4 16.Rd3 exf4
17.Bxf4 Nc5 18.Rg3 Ne6 19.Bd2 Nf6 20.Ne2 Nh5 21.Rd3 Nc5 22.Bg5 Qg4 23.f3 Qe6
24.Rd2 a5 25.Rfd1 Qf7 26.Rf1 a4 27.b4 Na6 28.a3 Be6 29.Be3 h6 30.c5 Nc7 31.f4 Nb5
32.Qc1 Bxh3 33.Bxh3 Rxe4 34.Rd3 Rae8 35.Bg2 R4e7 36.Kh1 Qf5 37.Qd2 Kh7 38.Rf2 Qxd3
39.Qxd3 Rxe3 40.Qd2 Nf6 41.Bf1 Nxa3 42.Ng3 Re1 43.Kg2 Ng4 44.Be2 Nxf2 45.Qxe1 Ng4
46.Qd2 Ne3+ 47.Kf2 Nd5 48.Qd1 Nxf4 49.Qxa4 Nb1 50.Qd1 Nc3 51.Qd7 Rxe2+ 52.Nxe2 Nfxe2
53.b5 Nd4 54.bxc6 bxc6 55.Kg2 Nd5 56.h4 h5 57.Kh3 Nf4+ 58.Kh2 Nfe6 59.Qe7 Kh6
60.Kh1 Bf8 61.Qf6 Bg7 62.Qe7 Nf8 63.Qe3+ Kh7 64.Qe8 Kg8 65.Kg2 Bf6 66.Kh3 Ne6
67.Qxc6 Bd4 68.Qd5 Bxc5 69.Qb7 Bd4 70.Qd5 Kh7 71.Qf3 Bg7 72.Qf7 Nd4 73.Kg2 Nfe6
74.Kh3 Nc5 75.Qe7 Nd3 76.Qe3 Ne6 77.Kg3 Ne5 78.Qb6 Nf8 79.Qd6 Nf7 80.Qe7 Be5+
81.Kh3 Kg7 82.Kg2 Nh7 83.Kh3 Nf6 84.Qe6 Ng8  0-1

[Event "Munich"]
[Site "Munich"]
[Date "1993.??.??"]
[Round "7"]
[White "Hertneck, Gerald"]
[Black "Lautier, Joel"]
[Result "1/2-1/2"]
[WhiteElo "2575"]
[BlackElo "2645"]

1.d4 d5 2.c4 e6 3.Nc3 Bb4 4.cxd5 exd5 5.Bf4 Nf6 6.e3 c5 7.Bd3 Nc6 8.Ne2 cxd4
9.exd4 Bg4 10.f3 Be6 11.O-O O-O 12.a3 Be7 13.b4 Ne8 14.Na4 Bf6 15.Kh1 Nd6
16.Nc5 Bc8 17.Rc1 b6 18.Qa4 Nb8 19.Rfd1 bxc5 20.dxc5 Nf5 21.c6 Qe7 22.Qb5 Nxc6
23.Qxc6 Be6 24.Ba6 Rad8 25.Rc2 Bd7 26.Qc5 Ba4 27.Rcd2 Bxd1 28.Rxd1 Qe6 29.Bd3 a6
30.Bc7 Rc8 31.Nf4 Qd7 32.Nxd5 Rxc7 33.Nxc7 Rd8 34.Nxa6 Qa4 35.Re1 g6 36.Bxf5 Qxa6
37.Be4 Qxa3 38.Rb1 Rd2 39.Qc1 Qa2 40.f4 Rd4 41.Bf3 Rxf4 42.Bd5 Qf2 43.g3 Rf5
44.Be4 Qe2 45.Bg2 h5 46.Qe1 Qa2 47.Qe4 Kg7 48.Rf1 Rxf1+  1/2-1/2

[Event "Munich"]
[Site "Munich"]
[Date "1993.??.??"]
[Round "8"]
[White "Huebner, Robert"]
[Black "Lautier, Joel"]
[Result "1/2-1/2"]
[WhiteElo "2620"]
[BlackElo "2645"]

1.d4 d5 2.c4 e6 3.Nc3 Bb4 4.a3 Bxc3+ 5.bxc3 c5 6.Nf3 Nf6 7.Bg5 Nbd7 8.cxd5 exd5
9.Nd2 O-O 10.a4 Re8 11.a5 b5 12.axb6 Qxb6 13.Qa4 Bb7 14.Rb1 Qc6 15.Qxc6 Bxc6
16.Bf4 Nb6 17.e3 Na4 18.Rb3 a6 19.Ra3 Rec8 20.dxc5 Nxc5 21.f3 Bb5 22.Kf2 Nfd7  1/2-1/2

[Event "Munich"]
[Site "Munich"]
[Date "1993.??.??"]
[Round "9"]
[White "Lautier, Joel"]
[Black "Hjartarson, Johann"]
[Result "1/2-1/2"]
[WhiteElo "2645"]
[BlackElo "2625"]

1.c4 c5 2.g3 g6 3.Bg2 Bg7 4.Nc3 Nc6 5.a3 a5 6.Nf3 d6 7.O-O Nh6 8.e3 O-O 9.Rb1 Rb8
10.b3 Bf5 11.e4 Bd7 12.Nb5 Qc8 13.Ne1 Nd4 14.Nxd4 Bxd4 15.d3 Ng4 16.Nc2 Bg7
17.Bg5 Re8 18.Bd2 a4 19.b4 b5 20.bxc5 dxc5 21.Bf4 Ne5 22.Ne3 Rb7 23.Qd2 bxc4
24.Bxe5 Bxe5 25.Nxc4 Bd4 26.Qc2 Qc7 27.Rxb7 Qxb7 28.Rb1 Qa7 29.Rb6 Rb8 30.Qb1 Rxb6
31.Qxb6 Qxb6 32.Nxb6 Bb5 33.Nc4 Kf8 34.Bf3 Ke8 35.Bd1 Kd8 36.Kf1 Kc7 37.Ke2 Kb7
38.f3 Ka6 39.Kd2 h5 40.h3 Bf2 41.g4 Bg3 42.Bc2 Bf4+ 43.Kd1 h4 44.Nb2 Ka5
45.Nc4+ Bxc4 46.dxc4 g5 47.Bd3 f6 48.Kc2 Kb6 49.Be2 Kc7 50.Bd1 Kd6 51.Kd3 Bc1
52.Bxa4 Ke5 53.Ke2 Kf4 54.Kf2 Bxa3  1/2-1/2

[Event "Munich"]
[Site "Munich"]
[Date "1993.??.??"]
[Round "10"]
[White "Lobron, Eric"]
[Black "Lautier, Joel"]
[Result "1/2-1/2"]
[WhiteElo "2620"]
[BlackElo "2645"]

1.d4 d5 2.c4 e6 3.Nf3 Nf6 4.Nc3 Bb4 5.Bg5 Nbd7 6.cxd5 exd5 7.Qc2 c5 8.e3 Qa5
9.Bd3 c4 10.Bf5 O-O 11.O-O Re8 12.Nd2 g6 13.Bxd7 Nxd7 14.Rae1 Nb6 15.f3 Bd7
16.Bh6 Re6 17.Ndb1 Be7 18.Bf4 Bf6 19.Qf2 Bg7 20.e4 Bc6 21.e5 Nd7 22.Bd2 Qb6
23.Nd1 f6 24.exf6 Rxe1 25.Rxe1 Nxf6 26.Bc3 Rf8 27.Qd2 Nh5 28.Nf2 Bd7 29.Bb4 Re8
30.Rxe8+ Bxe8 31.Bc5 Qe6 32.g4 Nf6 33.Nc3 Nd7 34.Bb4 Nb8 35.Ne2 Nc6 36.Bc3 b5
37.b4 a5 38.a3 axb4 39.axb4 Bf8 40.g5 Qe7 41.Ng4 Bf7 42.Nh6+ Kg7 43.Qf4 Qe6
44.Qd2 Bxb4 45.Nf4 Qd6 46.Nh5+ Kf8 47.Bxb4 Nxb4 48.Nf6 Nc6 49.Qa2 b4 50.Qa6 b3
51.Qb6 Qe6 52.Kf2 Kg7 53.h4 Ne5 54.Nf5+ Qxf5 55.dxe5 Qxe5 56.Ng4 Qf4 57.h5 Qd2+
58.Kf1 Qc1+ 59.Kf2 Qd2+ 60.Kf1 Qc1+ 61.Kf2  1/2-1/2

[Event "Cap d'Agde"]
[Site "Cap d'Agde"]
[Date "1994.??.??"]
[Round "6.2"]
[White "Lautier, Joel"]
[Black "Lutz, Christopher"]
[Result "1-0"]
[WhiteElo "2645"]
[BlackElo "2580"]

1.c4 e5 2.Nc3 Nf6 3.Nf3 Nc6 4.g3 Bb4 5.Nd5 Bc5 6.Bg2 O-O 7.O-O d6 8.e3 Bb6
9.Nxb6 axb6 10.b3 Bf5 11.d3 Qd7 12.Re1 Nb4 13.e4 Bh3 14.a3 Bxg2 15.Kxg2 Nc6
16.Bb2 Rfe8 17.b4 h6 18.Qd2 Nh7 19.Nh4 Ng5 20.Nf5 Ne7 21.h4 Ne6 22.Qe3 c5
23.Qf3 Nxf5 24.exf5 Nd4 25.Bxd4 exd4 26.f6 Qc6 27.fxg7 Qxf3+ 28.Kxf3 Kxg7
29.Rxe8 Rxe8 30.bxc5 bxc5 31.Rb1 Ra8 32.Rxb7 Rxa3 33.Ke4 Ra2 34.Kd5 Rxf2
35.Kxd6 Rf3 36.Rb3 Kf6 37.g4 Rg3 38.Kxc5 Ke5 39.Rb6 Rxd3 40.Rxh6 Rg3 41.g5 d3
42.Rd6 Ke4 43.Kb4 Rg2 44.c5 Rc2 45.h5 Ke3 46.h6 Rb2+ 47.Kc4 Rc2+ 48.Kb5 Rb2+
49.Ka6 d2 50.h7 Rb8 51.c6 Rh8 52.c7  1-0

[Event "Cap d'Agde"]
[Site "Cap d'Agde"]
[Date "1994.??.??"]
[Round "6.2"]
[White "Lutz, Christopher"]
[Black "Lautier, Joel"]
[Result "1/2-1/2"]
[WhiteElo "2580"]
[BlackElo "2645"]

1.e4 e5 2.Nf3 Nc6 3.Bc4 Bc5 4.c3 Nf6 5.b4 Bb6 6.d3 d6 7.a4 a6 8.O-O O-O 9.Nbd2 h6
10.Bb3 Be6 11.Bxe6 fxe6 12.Nc4 Ba7 13.Be3 Qe8 14.Bxa7 Rxa7 15.Nfd2 d5 16.Ne3 Ra8
17.Qb3 Ne7 18.d4 Qh5 19.dxe5 Qxe5 20.exd5 exd5 21.Rae1 Qd6 22.c4 Kh8 23.Nf3 Rae8
24.Qb2 c6 25.Ne5 Nd7 26.N3g4 Nxe5 27.Nxe5 Qf6 28.Qc2 Rd8 29.f4 dxc4 30.Qxc4 Ng6
31.Qc5 Rfe8 32.Qb6 Nxe5 33.fxe5 Qg5 34.Qxb7 Rxe5 35.Qxc6 Rd2 36.Rxe5 Qxe5
37.Qxa6 Qd4+ 38.Kh1 Qe4 39.Qc8+ Kh7 40.Qh3 Rf2 41.Rg1 Qxb4 42.Qd3+ Kh8 43.Qd8+ Kh7
44.a5 Rd2 45.Qa8 Ra2 46.a6 Qa4 47.a7 Qxa7 48.Qe4+ Kh8 49.Rc1 Ra1  1/2-1/2

[Event "FRA-chT "]
[Site "FRA"]
[Date "1994.??.??"]
[Round "?"]
[White "Lautier, Joel"]
[Black "Epishin, Vladimir"]
[Result "1-0"]
[WhiteElo "2625"]
[BlackElo "2675"]

1.d4 Nf6 2.c4 e6 3.Nc3 Bb4 4.Qc2 O-O 5.a3 Bxc3+ 6.Qxc3 b6 7.Bg5 h6 8.Bh4 c5
9.dxc5 bxc5 10.e3 d6 11.Bd3 Nbd7 12.Nf3 Bb7 13.O-O a5 14.Nd2 Ra6 15.Rad1 Qa8
16.f3 Rb6 17.Nb1 d5 18.Bf2 a4 19.cxd5 exd5 20.Bf5 Rb3 21.Qc1 Ba6 22.Rfe1 Qb7
23.Nc3 Rxb2 24.Nxa4 Rb5 25.Bxd7 Nxd7 26.Nc3 Rb3 27.Nxd5 c4 28.e4 Ne5 29.Bc5 Re8
30.Nb4 Nd3 31.Nxd3 cxd3 32.Qe3 Rc8 33.Rd2 Rb2 34.Red1 Qb3 35.h3 Rc6 36.Kh2 Rc2
37.Bb4 Qb2 38.e5 Re6 39.f4 f6 40.Qe4 fxe5 41.Qd5 Bc4 42.Qxc4 Rxc4 43.Rxb2 e4
44.Rbd2 Rf6 45.Kg3 Kf7 46.Kf2 g5 47.f5 Rxf5+ 48.Ke3 Ke6 49.Rf2 Rxf2 50.Kxf2 Rc2+
51.Rd2 Rc1 52.Ke3 Kd5 53.Rf2 Rg1 54.Bd2 Ke5 55.a4 h5 56.a5 g4 57.hxg4 hxg4
58.a6 g3 59.Bc3+ Kd5 60.Ra2  1-0